000 00736nam a2200289Ia 4500
001 7581
003 IT-RoPAU
008 130308s9999 xx 000 0 und d
040 _aIT-RoPAU
040 _cIT-RoPAU
041 _aITALIANO
100 _aBonitzer Pascal
100 _gCodice Aut. SPICS: 8993
245 _aEssenza del peggio (L')
245 _bImpero dei Sensi (L')
250 _a1a ed.
260 _aMILANO
260 _bIl Formichiere
260 _c1980 [1° Ed.:1980 - Ed.Ling.Originale:1976]
300 _a"6 p. (prefazione: no ; testo: 6 [pagine: 95-100])"
650 _aAUTORI/OPERE DEL CINEMA
650 _eCodice materia Spics: 6807
942 _cBK
957 _71
999 _c52674
_d52674
999 _bSI
999 _g1